Normal view
MARC view
- Alemania
Entry Nombre Geográfico
001 - NÚMERO DE CONTROL
- campo de control: 1788
003 - IDENTIFICADOR DE NUMERO DE CONTROL
- campo de control: MX-MxUPN
005 - FECHA Y HORA DE LA ÜLTIMA TRANSACCIÓN
- campo de control: 20231018135157.0
008 - DATOS DE LONGITUD FIJA
- campo de control de longitud fija: 231018nn fnnnnbabc n ana |d
035 ## - NÚMERO DE CONTROL
- Número de control: UPN10000001788
040 ## - FUENTE DE CATALOGACIÓN
- Lenguaje de catalogación: spa
- Agencia de catalogación original: MX-MxUPN
151 ## - ENCABEZAMIENTO - NOMBRE GEOGRÁFICO
- Nombre geográfico: Alemania
- Subdivisión general : Historia
- Subdivisión cronológica : 1933-1945
670 ## - FUENTE EN LA QUE SE LOCALIZARON DATOS
- Cita de la fuente: Escamilla González, G. Lista de encabezamientos de materia, 1978 :
- Información localizada: página 32 (Alemania -- Historia -- 1933-1945
902 ## - CATALOGADOR
- Catalogador: MEEG/110796
- Catalogador: VíctorGodínez/181023
